000 01583nam a2200325 4500
003 CO-CtgCURN
005 20250329165441.0
008 160531s2002 000 0 eng d
040 _aCO-CtgCURN
_bspa
_ccoctgcurn
082 0 _aINQ 2002
_bH565
245 0 0 _aTrato humanizado del Instrumentador Quirurgico al paciente pediatrico sometido a cirugia en la IPS Hospital Napoleon Franco Pareja de Cartagena /
_cYarlys E. Herrera Turizo ... [et al.] ; asesor, Hubert Cuervo Cogollo.
260 _aCartagena de Indias :
_bCorporacion Universitaria Rafael Nuñez,
_c2002.
300 _a91 h.
336 _2rdacontent
337 _2rdamedia
_asin mediacion
_bn
338 _2rdacarrier
_avolumen
_bnc
500 _aIncluye anexos.
502 _aTrabajo de grado (Instrumentador Quirurgico). Corporacion Universitaria Rafael Nuñez. Facultad de Ciencias de la Salud. Programa de Instrumentación Quirúrgica, 2002.
504 _aIncluye bibliografia.
590 _aInstrumentación Quirúrgica
650 0 _aInstrumentación Quirúrgica
_vTesis y disertaciones academicas.
700 1 _aHerrera Turizo, Yarlys E.
700 1 _aMeza Herazo, Nevis S.
700 1 _aMendoza Guerra, Zulaima S.
700 1 _aPlata Lozada, Luzmila.
700 1 _aCuervo Cogollo, Hubert,
_easesor.
856 7 _uhttps://unicurn.sharepoint.com/:b:/s/biblioteca/EUFPNc4_DQlHvXF6pUJgMTsBaxJuaBmEmr6Vadu3T_H7ew?e=ZyeSRs
_zClick aqui para ver el recurso en texto completo
942 _hINQ 2002
_iH565
_2ddc
_cTG
999 _c4431
_d4431